000 00661nam a2200241Ia 4500
005 20260430150020.0
008 008 250103s9999 xx 000 0 eng d
037 _aTheses
040 _aCRL
040 _beng
040 _ceng
041 _2eng
041 _aeng
084 _qCRL
100 _aSharam Vishal Au.; Chakrabarti Rina Gu.; Singh Yogendra Gu.
_91236206
245 0 _aMolecular and metabolite profiling of tuberculosos patients using stool samples
260 _c2022
300 _a130p.
650 _aZoology
700 _aUniversity of Delhi. Faculty of Science. Department of Zoology
942 _cTH
999 _c1848735
_d1848735